Most Popular Girl Names by Any 3 Letters Quiz Stats

 Plays Quiz Updated Aug 7, 2018

Score 0/100 Timer 06:00
11 Plays Today
# Name % Correct
45Brianna
89.2%
85Madeline
87.8%
41Savannah
87.5%
25Hannah
87.2%
52Arianna
86.8%
87Caroline
86%
61Katherine
85.5%
98Mariah
85.3%
92Maria
85.3%
34Gabriella
83.9%
63Gianna
83.6%
2Isabella
82.5%
38Anna
81.5%
30Amelia
81%
73Stella
78.1%
60Bella
77.5%
79Madelyn
75.4%
97Ellie
73.6%
11Elizabeth
71.9%
12Ella
71.8%
40Allison
71.6%
14Natalie
71.5%
8Madison
70.6%
84Ariana
70.5%
22Lillian
69.1%
6Emily
68.3%
17Samantha
68.2%
39Sarah
67.7%
80Scarlett
65.5%
89Melanie
65.3%
3Emma
65.2%
57Julia
63%
24Evelyn
60.9%
76Alexandra
60.7%
# Name % Correct
16Grace
60.5%
74Jasmine
58.9%
23Victoria
58.9%
21Brooklyn
58.4%
1Sophia
57.1%
27Charlotte
57%
4Olivia
56.6%
100Kaitlyn
55.5%
42Ashley
54.8%
51Sophie
54.4%
13Addison
54.2%
70Jocelyn
54.2%
62Lauren
53.9%
15Lily
53.5%
32Hailey
50.3%
46Aaliyah
49.5%
26Alexis
49.5%
55Alexa
49.4%
58Kylie
48.1%
88Bailey
47.8%
36Kaylee
47.1%
47Riley
47%
91Destiny
44.9%
48Camila
43.4%
56Makayla
43.1%
81Andrea
42.1%
5Ava
42.1%
7Abigail
40.9%
90Kennedy
40.7%
35Nevaeh
40.3%
59Kayla
40.2%
66Serenity
40.2%
9Mia
40.1%
44Taylor
39.8%
# Name % Correct
20Aubrey
39.4%
10Chloe
38.7%
78Molly
38.1%
68Mackenzie
38%
50Claire
37.4%
99Aubree
37.3%
77Trinity
36.9%
29Leah
36.4%
67Kimberly
36.3%
86Brooke
36.2%
96Lydia
36.2%
83Eva
34.8%
28Zoey
34.6%
31Zoe
34.3%
18Avery
34%
37Alyssa
33.6%
43Audrey
33.1%
75Morgan
30.7%
19Sofia
30%
54Harper
29.1%
64Maya
27.9%
72Lucy
27.9%
94London
27.2%
71Faith
26.9%
65Sydney
26.6%
53Peyton
26.5%
95Payton
25.8%
82Genesis
25.3%
33Layla
25.2%
49Khloe
20.6%
93Naomi
15.1%
69Autumn
12.5%

You're not logged in!

Compare scores with friends on all Sporcle quizzes.
OR
Log In

Sporcle TV

Today on Sporcle TV


Watch our educational content, quiz creation guides, and fun videos on Sporcle TV.

Show Comments

Extras

Top Quizzes Today


Score Distribution

Your Account Isn't Verified!

In order to create a playlist on Sporcle, you need to verify the email address you used during registration. Go to your Sporcle Settings to finish the process.

Report this User

Report this user for behavior that violates our Community Guidelines.

Details: